| 000 | 01558nam a2200289Ia 4500 | ||
|---|---|---|---|
| 999 |
_c54763 _d54763 |
||
| 001 | 21830 | ||
| 003 | GE_BSU | ||
| 005 | 20220531152420.0 | ||
| 008 | 181216s2007||||ge |||||||||||||| ||geo|| | ||
| 040 | _cGE_BSU | ||
| 041 | _ageo | ||
| 080 | _a811.353.1-8(076.1) + 371.277.2 მ-40 | ||
| 100 |
_aმაღლაკელიძე, ნ. _913915 |
||
| 245 |
_aჩვენი ენა ქართული : 2 კლასი : _bსავარჯიშოებისა და ტესტური დავალებების კრებული / _cნ. მაღლაკელიძე, ც. ყურაშვილი ; მხატვ. ნ. სულემენაშვილი. |
||
| 250 | _aმე-2 შევსებული და გადამუშავებული გამოცემა | ||
| 264 |
_aთბილისი : _bლეთა, _c2007. |
||
| 300 |
_a56 გვ. ; _c28 სმ. |
||
| 500 | _aგარეკანზე ავტორები მითითებული არ არიან | ||
| 541 | _h10 ლ. | ||
| 653 | _aსავარჯიშოებისა და ტესტური დავალებების კრებული | ||
| 653 | _aქართული ენა | ||
| 653 | _aჩვენი ენა ქართული | ||
| 653 | _a2 კლასი | ||
| 700 |
_aყურაშვილი, ც. _eავტორი _99953 |
||
| 700 |
_aსულემენაშვილი, ნ. _eმხატვარი _99954 |
||
| 942 |
_cBK _2udc |
||